| 000 | 00561 a2200109 4500 | ||
|---|---|---|---|
| 020 | _a078440058X | ||
| 082 | _a624.15136 ROL | ||
| 245 |
_aIn-situ deep soil improvement : _bproceedings of sessions sponsored by the Geotechnical Engineering Division of the American Society of Civil Engineers in conjunction with the ASCE National Convention in Atlanta, Georgia, October 9-13, 1994 / _cedited by Kyle M. Rollins. |
||
| 260 |
_aNew York, N.Y. : _bAmerican Society of Civil Engineers, _c1994. |
||
| 300 |
_av, 149 p. : _bill. ; _c22 cm. |
||
| 650 | _aSoil stabilization | ||
| 650 | _aSoil stabilization | ||
| 999 |
_c1126 _d1126 |
||